Подробности
| 000 -МАРКЕР |
| контрольное поле |
02585nam0a2200457 4500 |
| 001 - ИДЕНТИФИКАТОР ЗАПИСИ |
| контрольное поле |
RU\NLR\bibl\611714 |
| 005 - ИДЕНТИФИКАТОР ВЕРСИИ |
| контрольное поле |
20260405071650.0 |
| 021 ## - НОМЕР ГОСУДАРСТВЕННОЙ РЕГИСТРАЦИИ |
| Код страны |
российская федерация |
| Номер |
2004-74485 |
| Номер Листа государственной регистраци |
3673 |
| 035 ## - ДРУГИЕ СИСТЕМНЫЕ НОМЕРА |
| Идентификатор записи |
(NLR Aleph) 000603608 |
| 100 ## - ДАННЫЕ ОБЩЕЙ ОБРАБОТКИ |
| Данные общей обработки |
20050219d2004 |||y0rusy50 ca |
| 101 0# - ЯЗЫК РЕСУРСА |
| Язык текста, звукозаписи и т.д. |
русский |
| Язык резюме |
английский |
| 102 ## - СТРАНА ПУБЛИКАЦИИ ИЛИ ПРОИЗВОДСТВА |
| Страна публикации |
российская федерация |
| 105 ## - ПОЛЕ КОДИРОВАННЫХ ДАННЫХ: ТЕКСТОВЫЕ МАТЕРИАЛЫ, МОНОГРАФИЧЕСКИЕ |
| Кодированные данные о монографическом текстовом документе |
a ||||||||| |
| 135 ## - ПОЛЕ КОДИРОВАННЫХ ДАННЫХ: ЭЛЕКТРОННЫЕ РЕСУРСЫ |
| Кодированные данные для электронного ресурса |
crmn mmmanaba |
| 200 1# - ЗАГЛАВИЕ И СВЕДЕНИЯ ОБ ОТВЕТСТВЕННОСТИ |
| Основное заглавие |
Теплофизические и транспортные свойства жидкого и газообразного водорода |
| Первые сведения об ответственности |
С.Д. Бондаренко, В.А. Митюхляев |
| 210 ## - ПУБЛИКАЦИЯ, РАСПРОСТРАНЕНИЕ И ДР. |
| Место издания, распространения и т.д. |
Гатчина |
| Имя издателя, распространителя и т. д. |
ПИЯФ |
| Дата издания, распространения и т.д. |
2004 |
| 215 ## - ФИЗИЧЕСКАЯ ХАРАКТЕРИСТИКА |
| Специфическое обозначение материала и объем |
33 с. |
| Другие сведения о физической характеристике |
ил. |
| Размеры |
21 |
| 225 1# - СЕРИЯ |
| Основное заглавие серии |
Препринт |
| Сведения об ответственности |
Рос. акад. наук, Петерб. ин-т ядер. физики им. Б.П. Константинова |
| Обозначение тома |
2578. ПИЯФ-2004 |
| 300 ## - ОБЩИЕ ПРИМЕЧАНИЯ |
| Текст примечания |
Рез. на англ. яз. |
| 313 ## - ПРИМЕЧАНИЯ, ОТНОСЯЩИЕСЯ К ТЕМАТИЧЕСКОМУ ДОСТУПУ |
| Текст примечания |
ректификация водорода реактора ПИК |
| 313 ## - ПРИМЕЧАНИЯ, ОТНОСЯЩИЕСЯ К ТЕМАТИЧЕСКОМУ ДОСТУПУ |
| Текст примечания |
Изотопы |
| 320 ## - ПРИМЕЧАНИЯ О НАЛИЧИИ В ДОКУМЕНТЕ БИБЛИОГРАФИИ / УКАЗАТЕЛЯ |
| Текст примечания |
Библиогр.: с. 30-33 (51 назв.) |
| 325 1# - ПРИМЕЧАНИЕ О КОПИИ |
| Текст примечания |
Копия доступна в электронной библиотеке РНБ |
| 606 1# - НАИМЕНОВАНИЕ ТЕМЫ КАК ПРЕДМЕТ |
| Наименование темы |
Ядерные реакторы исследовательские ПИК |
| Тематический подзаголовок |
Экспериментальные исследования |
| Системный номер авторитетной/нормативной записи |
2371209 |
| Идентификатор авторитетной/нормативной записи |
RU\NLR\auth\661415334 |
| 606 1# - НАИМЕНОВАНИЕ ТЕМЫ КАК ПРЕДМЕТ |
| Наименование темы |
ПИК, исследовательские ядерные реакторы |
| Тематический подзаголовок |
Экспериментальные исследования |
| Системный номер авторитетной/нормативной записи |
2371211 |
| Идентификатор авторитетной/нормативной записи |
RU\NLR\auth\661415335 |
| 606 0# - НАИМЕНОВАНИЕ ТЕМЫ КАК ПРЕДМЕТ |
| Наименование темы |
Нейтроны холодные |
| Тематический подзаголовок |
Источники |
| -- |
Криогенные системы |
| Системный номер авторитетной/нормативной записи |
2105573 |
| Идентификатор авторитетной/нормативной записи |
RU\NLR\auth\661272970 |
| 606 0# - НАИМЕНОВАНИЕ ТЕМЫ КАК ПРЕДМЕТ |
| Наименование темы |
Холодные нейтроны |
| Тематический подзаголовок |
Источники |
| -- |
Криогенные системы |
| Системный номер авторитетной/нормативной записи |
2370473 |
| Идентификатор авторитетной/нормативной записи |
RU\NLR\auth\661414913 |
| 606 0# - НАИМЕНОВАНИЕ ТЕМЫ КАК ПРЕДМЕТ |
| Наименование темы |
Водород |
| Тематический подзаголовок |
Изотопы |
| -- |
Теплофизические свойства |
| Системный номер авторитетной/нормативной записи |
2370490 |
| Идентификатор авторитетной/нормативной записи |
RU\NLR\auth\661414922 |
| 686 ## - ИНДЕКСЫ ДРУГИХ КЛАССИФИКАЦИЙ |
| Индекс |
З466-01-07 |
| 686 ## - ИНДЕКСЫ ДРУГИХ КЛАССИФИКАЦИЙ |
| Индекс |
В381.25 |
| 700 #1 - ИМЯ ЛИЦА - ПЕРВИЧНАЯ ОТВЕТСТВЕННОСТЬ |
| Код отношения |
Автор |
| Материалы, к которым относится поле |
rus |
| Графика поля |
Кириллица |
| Начальный элемент ввода |
Бондаренко |
| Часть имени, кроме начального элемента ввода |
С.Д. |
| Дополнения к именам, кроме дат |
физик |
| Идентификатор авторитетной/нормативной записи |
RU\NLR\auth\7724555 |
| Системный номер авторитетной/нормативной записи |
7605 |
| 701 #1 - ИМЯ ЛИЦА - АЛЬТЕРНАТИВНАЯ ОТВЕТСТВЕННОСТЬ |
| Код отношения |
Автор |
| Материалы, к которым относится поле |
rus |
| Графика поля |
Кириллица |
| Начальный элемент ввода |
Митюхляев |
| Часть имени, кроме начального элемента ввода |
В.А. |
| Идентификатор авторитетной/нормативной записи |
RU\NLR\auth\7724557 |
| Системный номер авторитетной/нормативной записи |
7607 |
| 801 #0 - ИСТОЧНИК ЗАПИСИ |
| Страна |
российская федерация |
| Организация |
NLR |
| Дата составления |
20050219 |
| Правила каталогизации |
PSBO |
| 801 #1 - ИСТОЧНИК ЗАПИСИ |
| Страна |
российская федерация |
| Организация |
NLR |
| Дата составления |
20050219 |
| 901 ## - ДАННЫЕ ОБ ОБЪЕКТЕ ОЦИФРОВКИ |
| -- |
Книжные издания |
| 942 ## - ДОПОЛНИТЕЛЬНЫЕ ЭЛЕМЕНТЫ ЗАПИСИ (АБИС) |
| Тип экземпляра АБИС |
Книга |
| 980 ## - КОЛЛЕКЦИЯ |
| Название коллекции |
Национальная библиография |
| 981 13 - КОЛЛЕКЦИЯ ЭЛЕКТРОННОЙ БИБЛИОТЕКИ |
| Название коллекции |
Документы, защищенные авторским правом |
| Название подколлекции |
|